[Event "chess.com Speed 5m+2spm 2017"]
[Site "chess.com INT"]
[Date "2017.05.25"]
[Round "1.3"]
[White "So,W"]
[Black "Giri,A"]
[Result "1-0"]
[WhiteElo "2815"]
[BlackElo "2785"]

1.d4 Nf6 2.Nf3 d5 3.c4 e6 4.Nc3 c5 5.cxd5 Nxd5 6.e3 Nc6 7.Bd3 Be7 8.O-O O-O
9.a3 Nxc3 10.bxc3 b6 11.Qc2 g6 12.Rd1 Qc7 13.c4 Bf6 14.Bb2 Rb8 15.d5 Ne5
16.Be2 exd5 17.cxd5 Nxf3+ 18.Bxf3 Qd6 19.g3 Bd7 20.Bg2 Rfe8 21.e4 Bxb2 22.Qxb2
f5 23.Re1 fxe4 24.Bxe4 Re7 25.Bg2 Rbe8 26.Rxe7 Rxe7 27.h4 b5 28.Rc1 c4 29.a4
a6 30.axb5 axb5 31.Qd4 Rf7 32.Ra1 Qf6 33.Ra8+ Kg7 34.Qc5 g5 35.hxg5 Qxg5
36.Ra7 Qe5 37.f4 Qe1+ 38.Kh2 Qd1 39.d6 Qg4 40.Qe5+ Kh6 41.Rxd7 Rxd7 42.Bh3 Qd1
43.Qg5# 1-0

[Event "Bodensee Open 2017"]
[Site "Bregenz AUT"]
[Date "2017.05.23"]
[Round "4.13"]
[White "Johnsen,G"]
[Black "Sarmir,M"]
[Result "0-1"]
[WhiteElo "2203"]
[BlackElo "2096"]

1.d4 Nf6 2.c4 e6 3.Nc3 d5 4.Nf3 c6 5.cxd5 cxd5 6.Bf4 Nc6 7.e3 a6 8.Rc1 Be7
9.Bd3 O-O 10.h3 Bd7 11.O-O Nh5 12.Bh2 g6 13.Na4 Qa5 14.Nc3 Rac8 15.Qe2 f5
16.Ne5 Nxe5 17.Bxe5 Nf6 18.f3 Bc6 19.a3 Qd8 20.Rc2 Bd6 21.Bxd6 Qxd6 22.Rfc1 e5
23.dxe5 Qxe5 24.Qf2 f4 25.exf4 Qxf4 26.Ne2 Qe5 27.Nd4 Bd7 28.b4 Rxc2 29.Rxc2
Nh5 30.Ne2 Qa1+ 31.Rc1 Qxa3 32.Qd4 Nf4 33.Rc3 Nxe2+ 34.Bxe2 Qa1+ 35.Kh2 Be6
36.Qe3 Bf7 37.Rc7 Re8 38.Re7 Rxe7 39.Qxe7 b6 40.Bd3 b5 41.h4 Qd4 42.h5 Qf4+
43.Kh3 Qh6 44.g4 gxh5 45.Qd8+ Kg7 46.g5 Qe6+ 47.Kg3 h6 48.Kf4 hxg5+ 49.Qxg5+
Kf8 50.Qd8+ Be8 51.Bf5 Qh6+ 52.Ke5 Qe3+ 53.Kf6 Qc3+ 54.Kg5 Qg7+ 55.Kf4 Qe7
56.Qxd5 Qxb4+ 57.Be4 Qe7 {#R} 0-1

[Event "Bodensee Open 2017"]
[Site "Bregenz AUT"]
[Date "2017.05.28"]
[Round "9.3"]
[White "Teske,H"]
[Black "Van den Bersselaar,J"]
[Result "1-0"]
[WhiteElo "2492"]
[BlackElo "2154"]

1.d4 d5 2.c4 c6 3.Nc3 Nf6 4.Nf3 e6 5.Bg5 h6 6.Bh4 dxc4 7.e4 g5 8.Bg3 b5 9.Be2
Bb7 10.O-O Nbd7 11.d5 a6 12.dxe6 fxe6 13.h4 Rg8 14.e5 Nd5 15.Nd4 Nc5 16.Bh5+
Kd7 17.Nxd5 cxd5 18.b4 cxb3 19.axb3 gxh4 20.Bf4 Qe7 21.Qe2 Qh7 22.Rfd1 b4
23.Bg4 Qg6 24.Bh3 Be7 25.Ra5 Rge8 26.Qd2 Ne4 27.Qd3 Bd8 28.Nxe6 Rxe6 29.Rxd5+
Bxd5 30.Qxd5+ Ke7 31.Qb7+ {#r} 1-0

[Event "26th Chicago Open 2017"]
[Site "Chicago USA"]
[Date "2017.05.26"]
[Round "3.23"]
[White "Karagianis,P"]
[Black "Hong,Andrew Z"]
[Result "1-0"]
[WhiteElo "2204"]
[BlackElo "2383"]
[EventType "swiss"]

1.d4 d5 2.c4 e6 3.Nc3 c6 4.Nf3 Nf6 5.g3 dxc4 6.Bg2 Nbd7 7.a4 Bb4 8.O-O O-O
9.Qc2 Qe7 10.a5 e5 11.a6 Re8 12.dxe5 Nxe5 13.Nd4 Bc5 14.axb7 Bxb7 15.Nf5 Qf8
16.Bg5 Nfd7 17.Ne4 Bb4 18.Rfd1 Bc8 19.Nfd6 Re6 20.Nxc8 Rxc8 21.Bh3 f5 22.Rxa7
Nb6 23.Be3 c5 24.Ng5 Rf6 25.Rb7 h6 26.Nf3 Nxf3+ 27.exf3 Kh8 28.Bf1 Qg8 29.Bf4
Ba5 30.Be5 Rf7 31.Rxb6 Bxb6 32.Bxc4 Qe8 33.Bxf7 Qxf7 34.Rd6 Re8 35.f4 Bc7
36.Rxh6+ Kg8 37.Rc6 Bxe5 38.fxe5 Rxe5 39.Rc8+ Kh7 40.Rxc5 Re1+ 41.Kg2 Qb7+
42.f3 Qe7 43.Qxf5+ g6 44.Qc8 Re2+ 45.Kh3 Qf6 46.Rc6 Qg7 47.Rc7 Re7 48.Rc4 Re5
49.Rh4+ Rh5 50.Rxh5+ gxh5 51.Qf5+ Kh6 52.b4 Qb2 53.b5 Qf2 54.Qf6+ Kh7 55.b6
Qe2 56.Qf7+ Kh6 57.b7 h4 58.Qf6+ Kh7 59.Qxh4+ Kg7 60.Qg5+ Kh7 61.Qh5+ Kg7
62.b8=Q Qf1+ 63.Kh4 Qc4+ 64.Qg4+ Qxg4+ 65.Kxg4 Kh6 66.Qd6+ Kg7 67.Kg5 Kh8
68.Qe7 {#r} 1-0

[Event "TCh-FRA Top 12 2017"]
[Site "Chartres FRA"]
[Date "2017.05.23"]
[Round "6.4"]
[White "Godard,M"]
[Black "Flear,G"]
[Result "0-1"]
[WhiteElo "2329"]
[BlackElo "2439"]

1.d4 d5 2.Nf3 Nf6 3.c4 e6 4.Nc3 c6 5.e3 Nbd7 6.Qc2 b6 7.Be2 Bb7 8.O-O Be7 9.b3
O-O 10.a4 a5 11.Rd1 Qc7 12.Bb2 Rad8 13.Bd3 h6 14.h3 Qb8 15.cxd5 cxd5 16.Nb5
Rc8 17.Qe2 Ne4 18.Rac1 Bb4 19.Rxc8 Rxc8 20.Rc1 Rxc1+ 21.Bxc1 Qc8 22.Bb2 Nd6
23.Nxd6 Bxd6 24.Bb5 Nf6 25.Ne5 Ne4 26.Bd7 Qc7 27.Be8 Bxe5 28.dxe5 Ba6 29.Bb5
Bxb5 30.axb5 Nc5 31.Ba3 Nxb3 {#R} 0-1

[Event "TCh-FRA Top 12 2017"]
[Site "Chartres FRA"]
[Date "2017.05.25"]
[Round "8.5"]
[White "Barbot,Pi1"]
[Black "Nezar,M"]
[Result "1-0"]
[WhiteElo "2456"]
[BlackElo "2354"]

1.d4 d5 2.c4 c6 3.Nc3 Nf6 4.e3 e6 5.Nf3 Nbd7 6.Qc2 Bd6 7.Bd3 O-O 8.O-O dxc4
9.Bxc4 b5 10.Be2 Qe7 11.Ng5 Bb7 12.e4 e5 13.dxe5 Bxe5 14.f4 Bd4+ 15.Kh1 h6
16.e5 hxg5 17.exf6 Bxf6 18.Ne4 gxf4 19.Bxf4 Be5 20.Bg5 Qe6 21.Rad1 f5 22.Rxd7
Qxd7 23.Nc5 Qf7 24.Bd1 Rae8 25.Qf2 Bc8 26.Bb3 Re6 27.Bxe6 Bxe6 28.Re1 Bxa2
29.Rxe5 Bd5 30.h4 a5 31.Re7 Qg6 32.Qe1 f4 33.Nd7 Qf5 34.Qc3 Rf7 35.Rxf7 Qxf7
36.Ne5 Qf5 37.Nxc6 Bxc6 38.Qxc6 Qb1+ 39.Kh2 Qxb2 40.Qe8+ Kh7 41.Qe4+ Kg8
42.Bxf4 a4 43.Qe8+ Kh7 44.Be5 Qe2 45.Qe7 Qg4 46.Qg5 Qxg5 47.hxg5 b4 48.Kg3 b3
49.Bb2 Kg6 50.Kg4 Kf7 51.Kf5 g6+ 52.Ke5 Kg7 53.Ke6+ Kg8 54.Kf6 Kh7 55.Ba3 {#r}
1-0

[Event "6th CHN w Masters 2017"]
[Site "Wuxi CHN"]
[Date "2017.05.28"]
[Round "2.3"]
[White "Shen Yang"]
[Black "Yuan,Ye"]
[Result "1-0"]
[WhiteElo "2473"]
[BlackElo "2317"]

1.d4 d5 2.Nf3 Nf6 3.c4 c6 4.Nc3 e6 5.e3 Nbd7 6.Be2 Bd6 7.O-O O-O 8.a4 a5 9.b3
b6 10.Qc2 Bb7 11.e4 dxe4 12.Nxe4 Nxe4 13.Qxe4 Nf6 14.Qh4 c5 15.Bb2 Ne4 16.Qh5
cxd4 17.Bxd4 f5 18.Rad1 Qc7 19.Bb2 Bc5 20.Bd3 Qe7 21.Bd4 Bxd4 22.Nxd4 Rad8
23.Bxe4 Bxe4 24.Qe2 e5 25.Nb5 Bc6 26.Rxd8 Rxd8 27.Rd1 Bxb5 28.Rxd8+ Qxd8
29.cxb5 h6 30.h4 Qd6 31.Qc2 f4 32.Kf1 Kf7 33.h5 Ke7 34.Ke2 Qd4 35.Qc7+ Kf6
36.Qc6+ Ke7 37.Qc2 Qd6 38.Qc4 Qd7 39.Ke1 Qd4 40.Qc2 Qa1+ 41.Ke2 Qd4 42.Qc7+
Kf6 43.Qc6+ Ke7 44.Kf3 Qd1+ 45.Ke4 Qe2+ 46.Kd5 Qd2+ 47.Kxe5 Qxf2 48.Kf5 Qe3
49.Qc7+ Ke8 50.Qe5+ Kf7 51.Qd5+ Ke7 52.Kg6 Qg3+ 53.Kh7 Qg4 54.Qb7+ Kf8 55.Qb8+
Kf7 56.Qc7+ Kf8 57.Qxb6 Qxh5 58.Qd8+ Kf7 59.Qd7+ Kf6 60.Qxg7+ Kf5 61.b6 Qe8
62.b7 h5 63.Kh6 Qe6+ 64.Kxh5 Qe8+ 65.Kh6 Qe6+ 66.Kh7 Qe8 67.g4+ fxg3 68.Qxg3
Qe7+ 69.Qg7 Qe8 70.Qc7 Qg6+ 71.Kh8 Qe8+ 72.Kg7 Qg6+ 73.Kf8 Qh6+ 74.Qg7 Qd6+
75.Qe7 Qb6 76.Ke8 {#r} 1-0

[Event "Deltalift Open 2017"]
[Site "Tylosand SWE"]
[Date "2017.05.27"]
[Round "7.8"]
[White "Sjodahl,P"]
[Black "Berglind,Axel"]
[Result "1-0"]
[WhiteElo "2413"]
[BlackElo "2131"]

1.d4 d5 2.c4 c6 3.Nf3 Nf6 4.Nc3 e6 5.e3 Nbd7 6.b3 Bd6 7.Be2 O-O 8.O-O Re8
9.Qc2 e5 10.cxd5 cxd5 11.Nb5 Bb8 12.dxe5 Nxe5 13.Nxe5 Bxe5 14.Bb2 Bxb2 15.Qxb2
Bd7 16.Nd4 Qb6 17.Rfd1 Rac8 18.Bf3 Red8 19.Ne2 Bf5 20.Qd4 Qxd4 21.Nxd4 Bd7
22.Be2 h6 23.f3 Rc3 24.Kf2 Re8 25.Bd3 a6 26.Rd2 g6 27.Rad1 Rc7 28.Ne2 Bc6
29.Rc1 Rce7 30.Bxa6 Rxe3 31.Nd4 Nd7 32.Nxc6 bxa6 33.Nb4 R3e6 34.Nxd5 Nf6
35.Nc7 Rc8 36.Rc5 Rb6 37.Nxa6 Ra8 38.Nc7 Rab8 39.Nd5 Nxd5 40.Rcxd5 Kg7 41.Rd8
R8b7 42.R2d7 {#r} 1-0

[Event "26th Chicago Open 2017"]
[Site "Chicago USA"]
[Date "2017.05.25"]
[Round "1.18"]
[White "Troff,Kayden W"]
[Black "Studen,D"]
[Result "1-0"]
[WhiteElo "2482"]
[BlackElo "2212"]
[EventType "swiss"]

1.d4 d5 2.c4 c6 3.Nf3 Nf6 4.Nc3 e6 5.e3 Nbd7 6.Qc2 Bd6 7.Bd3 O-O 8.O-O dxc4
9.Bxc4 e5 10.b3 Qe7 11.h3 b5 12.Bd3 Bb7 13.Bb2 a6 14.Ne4 Nxe4 15.Bxe4 h6
16.Rad1 Rfe8 17.dxe5 Nxe5 18.Nd4 Qc7 19.f4 Nd7 20.Nf5 Bc5 21.Rf3 {#r} 1-0

[Event "26th Chicago Open 2017"]
[Site "Chicago USA"]
[Date "2017.05.26"]
[Round "3.36"]
[White "Kelly,Joey M"]
[Black "Homa,S"]
[Result "1-0"]
[WhiteElo "2039"]
[BlackElo "2285"]
[EventType "swiss"]

1.d4 Nf6 2.c4 e6 3.Nf3 d5 4.Nc3 c6 5.e3 Nbd7 6.Qc2 Bd6 7.g4 h6 8.Bd2 dxc4
9.Bxc4 b5 10.Be2 Bb7 11.g5 hxg5 12.Nxg5 b4 13.Nce4 Nxe4 14.Nxe4 Be7 15.f3 Bh4+
16.Kf1 Be7 17.Be1 Qb6 18.Rc1 e5 19.Bf2 exd4 20.exd4 Qa5 21.Bg3 O-O 22.Rg1 Qh5
23.Bd6 Rfe8 24.Bxe7 Rxe7 25.Nd6 Ba6 26.Bxa6 Qxf3+ 27.Qf2 Qh3+ 28.Rg2 Qh6
29.Rxc6 Nc5 30.Rxc5 Qxd6 31.Bc4 Qh6 32.Rcg5 Kf8 33.R2g3 Qc6 34.Bd5 Qb5+ 35.Kg1
Rc8 36.Bxf7 Rc1+ 37.Kg2 Qe2 38.Bb3+ {#r} 1-0

[Event "TCh-FRA Top 12 2017"]
[Site "Chartres FRA"]
[Date "2017.05.26"]
[Round "9.4"]
[White "Vernay,C"]
[Black "Moucheroud,J"]
[Result "1-0"]
[WhiteElo "2501"]
[BlackElo "2197"]

1.d4 d5 2.c4 e6 3.Nc3 c6 4.e3 Nf6 5.Nf3 Nbd7 6.Bd3 dxc4 7.Bxc4 b5 8.Bd3 Bb7
9.O-O a6 10.e4 c5 11.e5 Nd5 12.a4 b4 13.Nxd5 Bxd5 14.Qe2 Qb6 15.Be4 Bxe4
16.Qxe4 Rc8 17.d5 Qb7 18.Qe2 Qxd5 19.Qxa6 Ra8 20.Qe2 Be7 21.Rd1 Qc6 22.Bg5
Rxa4 23.Rac1 h6 24.Bxe7 Kxe7 25.Rd6 Qb7 26.Rcd1 Nb8 27.Qc4 Ra5 28.Qh4+ f6
29.Qg4 {#r} 1-0

[Event "TCh-FRA Top 12 2017"]
[Site "Chartres FRA"]
[Date "2017.05.28"]
[Round "11.3"]
[White "Boudiba,M"]
[Black "Fressinet,L"]
[Result "0-1"]
[WhiteElo "2409"]
[BlackElo "2668"]

1.d4 d5 2.c4 e6 3.Nc3 c6 4.e3 Nf6 5.Nf3 Nbd7 6.Bd3 dxc4 7.Bxc4 b5 8.Bd3 Bd6
9.O-O O-O 10.e4 e5 11.Ne2 c5 12.d5 c4 13.Bc2 Nc5 14.Ng3 a5 15.Be3 Re8 16.h3
Bd7 17.Nh2 a4 18.a3 Nb3 19.Bxb3 cxb3 20.Rc1 b4 21.axb4 Bxb4 22.Bc5 Bxc5
23.Rxc5 Qb6 24.Rc3 Rac8 25.Qd2 Rxc3 26.Qxc3 Qd4 27.Qxd4 exd4 28.Rc1 Nxe4
29.Nxe4 Rxe4 30.Rc7 Re1+ 31.Nf1 d3 32.Rxd7 g6 {#R} 0-1

[Event "26th Chicago Open 2017"]
[Site "Chicago USA"]
[Date "2017.05.27"]
[Round "5.16"]
[White "Georgiev,Vl"]
[Black "Colas,Joshua"]
[Result "1-0"]
[WhiteElo "2511"]
[BlackElo "2352"]
[EventType "swiss"]

1.d4 Nf6 2.Nf3 d5 3.c4 e6 4.Bg5 Be7 5.Nc3 O-O 6.e3 b6 7.Bd3 Bb7 8.cxd5 Nxd5
9.Bxe7 Qxe7 10.Nxd5 exd5 11.O-O c5 12.dxc5 bxc5 13.Rc1 Nd7 14.Bf5 Nf6 15.Qc2
g6 16.Bh3 Ne4 17.Rfd1 Rfd8 18.g3 Bc8 19.Bg2 Bf5 20.Nh4 Nxg3 21.Nxf5 Nxf5
22.Qxc5 Rab8 23.Qxe7 Nxe7 24.Rc7 Kf8 25.b3 a6 26.Ra7 Rb6 27.Bf1 Nc6 28.Rc7 Ne7
29.Rdc1 d4 30.Rd1 Nf5 31.Ra7 Rdd6 32.exd4 Nxd4 33.Kg2 Nb5 34.Ra8+ Kg7 35.Rxd6
Rxd6 36.a4 Nd4 37.Rxa6 Rxa6 38.Bxa6 Nxb3 39.Bc4 Na5 40.Bd5 f5 41.Kf3 Kf6
42.Ke3 Ke5 43.Bg8 f4+ 44.Kf3 h6 45.Kg4 Nc6 46.Bf7 g5 47.Kh5 Ke4 48.Kxh6 Ne5
49.Bh5 g4 50.a5 Kf3 51.a6 Nc6 52.Kg5 Kxf2 53.Bxg4 {#r} 1-0

[Event "TCh-FRA Top 12 2017"]
[Site "Chartres FRA"]
[Date "2017.05.28"]
[Round "11.3"]
[White "Van Wely,L"]
[Black "Bellahcene,B"]
[Result "1-0"]
[WhiteElo "2663"]
[BlackElo "2452"]

1.d4 d5 2.c4 e6 3.Nc3 Be7 4.Nf3 Nf6 5.Bg5 h6 6.Bh4 O-O 7.e3 b6 8.Bd3 Bb7 9.O-O
Nbd7 10.Qe2 Ne4 11.Bg3 c5 12.cxd5 exd5 13.Rfd1 Nxg3 14.hxg3 c4 15.Bc2 Re8
16.e4 dxe4 17.Ne5 Nxe5 18.dxe5 Qc7 19.Bxe4 Bxe4 20.Qxe4 Bc5 21.Rd5 b5 22.Qf5
Qc6 23.e6 {#r} 1-0

[Event "ch-Flemish 2017"]
[Site "Ghent BEL"]
[Date "2017.05.26"]
[Round "4.8"]
[White "Van Herck,M"]
[Black "Mitran,Anthony Cristian"]
[Result "1-0"]
[WhiteElo "2167"]
[BlackElo "2046"]

1.d4 d5 2.c4 e6 3.Nc3 Nf6 4.Nf3 Be7 5.Bg5 Nbd7 6.e3 O-O 7.Qc2 c6 8.Bd3 Re8
9.O-O h6 10.Bh4 dxc4 11.Bxc4 b5 12.Be2 a6 13.Rfd1 Qb6 14.e4 Bb7 15.Rac1 Nf8
16.e5 Nd5 17.Bxe7 Nxc3 18.Bc5 Nxe2+ 19.Qxe2 Qd8 20.Nd2 Qd5 21.a3 Nd7 22.Ne4
Nxc5 23.Rxc5 Qd7 24.Qg4 Kh8 25.Qh5 Qe7 26.Rd3 Rad8 27.Nd6 Rf8 28.Rf3 Kg8
29.Rg3 Kh8 30.Rf3 Kg8 31.Rg3 Kh8 32.Qg4 f6 33.Qh4 Qc7 34.Rg6 Kh7 35.Rg3 fxe5
36.Qe4+ Kh8 37.dxe5 Qb6 38.b4 Rd7 39.h4 Ba8 40.Qg6 Re7 41.Rd3 a5 42.Ne4 Qa7
43.bxa5 Rg8 44.Ng5 {#r} 1-0

[Event "4th Gligoric Cup 2017"]
[Site "Novi Banovci SRB"]
[Date "2017.05.27"]
[Round "3.5"]
[White "Mirkovic,St"]
[Black "Tomic,V"]
[Result "1-0"]
[WhiteElo "2283"]
[BlackElo "2213"]

1.Nf3 d5 2.d4 Nf6 3.c4 e6 4.Nc3 Be7 5.Bg5 Nbd7 6.e3 O-O 7.Qc2 Re8 8.Rd1 c6
9.Bd3 h6 10.Bh4 Qa5 11.O-O a6 12.Rfe1 dxc4 13.Bxc4 c5 14.a3 b5 15.Ba2 cxd4
16.exd4 Bb7 17.Ne5 Nf8 18.Re3 Rac8 19.Qe2 b4 20.axb4 Qxb4 21.Nxf7 Qa5 22.Bxf6
Bxf6 23.Nd6 Qc7 24.Nxe8 Rxe8 25.d5 {#r} 1-0

[Event "ch-Flemish 2017"]
[Site "Ghent BEL"]
[Date "2017.05.27"]
[Round "6.1"]
[White "Piceu,T"]
[Black "Dardha,Daniel"]
[Result "1-0"]
[WhiteElo "2363"]
[BlackElo "2126"]

1.d4 d5 2.c4 e6 3.Nc3 Nf6 4.Bg5 Be7 5.Nf3 O-O 6.e3 Nbd7 7.Rc1 a6 8.cxd5 exd5
9.Bd3 h6 10.Bf4 b6 11.O-O Bb7 12.h3 c5 13.dxc5 bxc5 14.Ne5 Nxe5 15.Bxe5 Bd6
16.Bxd6 Qxd6 17.Na4 Rac8 18.Qd2 d4 19.b3 Qd5 20.f3 dxe3 21.Qxe3 Rfe8 22.Qd2
Qd4+ 23.Rf2 Red8 24.Rd1 Qb4 25.Qxb4 cxb4 26.Rfd2 Kf8 27.Bc4 Rxd2 28.Rxd2 Ke7
29.Re2+ Kf8 30.Re5 Nd7 31.Re2 Bc6 32.Bxa6 Ra8 33.Bc4 Bxa4 34.bxa4 Nb6 35.Bb5
Nxa4 36.Bc4 Ra7 37.Kf2 Nc3 38.Rd2 Ke7 39.Ke1 f5 40.h4 Kf6 41.Kf2 g5 42.Kg3 Ke5
43.h5 Ra3 44.Rd7 Nxa2 45.Rd5+ Kf6 46.Rd6+ Kg7 47.Rg6+ Kh7 48.Bg8+ Kh8 49.Be6
Ra6 50.Rxh6+ Kg7 51.Rg6+ Kh8 52.Bxf5 Rxg6 53.hxg6 Kg7 54.Kg4 Kh6 55.Bc2 Nc3
56.Kf5 Nd5 57.Be4 Nb6 58.Kf6 Nd7+ 59.Ke6 Nf8+ 60.Kf7 Nxg6 61.Bxg6 b3 62.Kf6 b2
63.g3 g4 64.fxg4 b1=Q 65.g5# 1-0

[Event "26th Chicago Open 2017"]
[Site "Chicago USA"]
[Date "2017.05.25"]
[Round "1.11"]
[White "Virkud,Apurva"]
[Black "Corrales Jimenez,F"]
[Result "0-1"]
[WhiteElo "2252"]
[BlackElo "2521"]
[EventType "swiss"]

1.d4 Nf6 2.c4 g6 3.f3 d5 4.cxd5 Nxd5 5.e4 Nb6 6.Nc3 Bg7 7.Be3 O-O 8.Qd2 Nc6
9.O-O-O Qd6 10.h4 Rd8 11.Nb5 Qd7 12.d5 Ne5 13.Na3 c6 14.h5 cxd5 15.hxg6 hxg6
16.Bh6 dxe4 17.Bxg7 Qc6+ 18.Qc2 Rxd1+ 19.Kxd1 Qxc2+ 20.Nxc2 Kxg7 21.fxe4 Bg4+
22.Kc1 Rd8 23.Be2 Nd3+ 24.Bxd3 Rxd3 25.Nh3 Bxh3 26.gxh3 Nc4 27.b3 Ne3 28.Nb4
Rd4 29.Re1 Rxb4 30.Rxe3 Kf6 31.Kc2 Ke5 32.Kd3 Rd4+ 33.Kc3 Rxe4 34.Rd3 Ke6
35.Rg3 a5 36.Kd3 Kd5 37.Rf3 f6 38.Rg3 g5 39.Rf3 Kc5 {#R} 0-1

[Event "chess.com Speed 5m+2spm 2017"]
[Site "chess.com INT"]
[Date "2017.05.24"]
[Round "1.7"]
[White "Meier,Geo"]
[Black "Karjakin,Sergey"]
[Result "0-1"]
[WhiteElo "2630"]
[BlackElo "2783"]

1.Nf3 Nf6 2.g3 d5 3.Bg2 g6 4.d4 Bg7 5.c4 c6 6.cxd5 cxd5 7.Nc3 Ne4 8.Qa4+ Nc6
9.Ne5 Nxc3 10.bxc3 Bxe5 11.dxe5 O-O 12.Bh6 Re8 13.Rd1 Qc7 14.Bxd5 Qxe5 15.Qb3
Be6 16.Bxe6 Qxe6 17.Qxe6 fxe6 18.f3 Red8 19.Kf2 Kf7 20.Rd3 e5 21.h4 Rxd3
22.exd3 Rd8 23.Ke2 Rd5 24.Rb1 b6 25.a3 Ra5 26.Bc1 Ke6 27.g4 h5 28.Ke3 b5
29.Bb2 Ra4 30.Rg1 Kf7 31.Ke2 a6 32.Ke3 Kf6 33.Ke2 Nd8 34.c4 bxc4 35.gxh5 cxd3+
36.Kxd3 gxh5 37.Rg5 Nf7 38.Rg8 Rxh4 39.Ra8 Ra4 40.f4 h4 41.fxe5+ Ke6 42.Kc2 h3
43.Kb3 h2 {#R} 0-1

[Event "Deltalift Open 2017"]
[Site "Tylosand SWE"]
[Date "2017.05.26"]
[Round "6.3"]
[White "Kucuksari,Kaan"]
[Black "Turov,M"]
[Result "0-1"]
[WhiteElo "2310"]
[BlackElo "2600"]

1.d4 Nf6 2.Nf3 g6 3.c4 Bg7 4.Nc3 d5 5.cxd5 Nxd5 6.g3 O-O 7.Bg2 Nb6 8.O-O Nc6
9.e3 Re8 10.a3 e5 11.d5 Na5 12.Qc2 Bd7 13.b3 c6 14.dxc6 Nxc6 15.Bb2 e4 16.Nd2
f5 17.Nc4 Nxc4 18.bxc4 Ne5 19.Nd5 Be6 20.Rfd1 Qc8 21.Rac1 Qc6 22.Qb3 b6 23.Bf1
Rac8 24.Bxe5 Bxe5 25.c5 Qb7 26.Bc4 Kh8 27.Qb5 Bd7 28.Qa6 Qxa6 29.Bxa6 Rxc5
30.Rxc5 bxc5 31.Nf6 Ba4 32.Nxe8 Bxd1 {#R} 0-1

[Event "26th Chicago Open 2017"]
[Site "Chicago USA"]
[Date "2017.05.25"]
[Round "1.10"]
[White "Friedel,J"]
[Black "Peng,David T"]
[Result "1-0"]
[WhiteElo "2528"]
[BlackElo "2254"]
[EventType "swiss"]

1.d4 Nf6 2.c4 g6 3.g3 Bg7 4.Bg2 d5 5.cxd5 Nxd5 6.Nf3 O-O 7.O-O Nc6 8.Nc3 Nb6
9.e3 e5 10.d5 Ne7 11.e4 Bd7 12.b3 f5 13.Ng5 h6 14.Ne6 Bxe6 15.dxe6 Qc8 16.Ba3
Rd8 17.Qc1 Nc6 18.exf5 gxf5 19.e7 Re8 20.Bxc6 bxc6 21.Qc2 Bf6 22.Nd1 Bxe7
23.Bxe7 Rxe7 24.Qxc6 Re6 25.Qf3 Rf6 26.Rc1 c6 27.Ne3 Qe6 28.Rc5 Nd7 29.Ra5 Kh8
30.Nc4 f4 31.Qe4 f3 32.Ne3 Rg8 33.Rxa7 Rf4 34.Qd3 Nf6 35.Rd1 Rd4 36.Qc2 Rgd8
37.Rxd4 {#r} 1-0

[Event "TCh-FRA Top 12 2017"]
[Site "Chartres FRA"]
[Date "2017.05.25"]
[Round "8.1"]
[White "Abergel,T"]
[Black "Ragger,M"]
[Result "0-1"]
[WhiteElo "2457"]
[BlackElo "2680"]

1.Nf3 d5 2.g3 g6 3.Bg2 Bg7 4.d4 Nf6 5.O-O O-O 6.c4 Nc6 7.cxd5 Nxd5 8.Nc3 Bf5
9.Nh4 Be6 10.e4 Nxc3 11.bxc3 Na5 12.Nf3 c5 13.d5 Bd7 14.Qc2 e6 15.Bg5 Qc8
16.Rad1 Qe8 17.Rc1 Nc4 18.Nd2 Nd6 19.Bf4 e5 20.Be3 b6 21.c4 f5 22.exf5 gxf5
23.f4 e4 24.Rfe1 Rc8 25.Nf1 b5 26.cxb5 Nxb5 27.Qa4 Bd4 28.Qa5 Qd8 29.Qd2 Qf6
30.Qc2 Nc3 31.Qb3 Rb8 32.Qa3 Bb5 33.Kh1 Nxd5 34.Rxc5 Bxc5 35.Qxc5 Rfd8 36.Qxa7
Qa6 37.Bh3 Qxa7 38.Bxa7 Ra8 39.Bc5 Bd7 40.Ne3 Nxe3 41.Bxe3 Be6 42.Bg2 Ra3
43.h3 Rdd3 44.Bc5 Rxa2 45.g4 Rdd2 {#R} 0-1

[Event "ch-Flemish 2017"]
[Site "Ghent BEL"]
[Date "2017.05.25"]
[Round "1.3"]
[White "Mitran,Anthony Cristian"]
[Black "Cools,G"]
[Result "0-1"]
[WhiteElo "2046"]
[BlackElo "2319"]

1.d4 Nf6 2.Nf3 g6 3.g3 Bg7 4.Bg2 O-O 5.O-O d5 6.c4 dxc4 7.Qa4 Nc6 8.Nc3 Nxd4
9.Nxd4 Qxd4 10.Nb5 Qc5 11.Be3 Qh5 12.Nxc7 Bh3 13.Bxb7 Bxf1 14.Nxa8 Bxe2 15.Re1
Bd3 16.Bg2 Ng4 17.h3 Nxe3 18.Rxe3 Qc5 19.b4 Qf5 20.Bc6 Bd4 21.g4 Qf4 22.Rf3
Qc1+ 23.Kh2 Be5+ {#R} 0-1

[Event "chess.com Speed 3m+2spm 2017"]
[Site "chess.com INT"]
[Date "2017.05.25"]
[Round "1.10"]
[White "Giri,A"]
[Black "So,W"]
[Result "0-1"]
[WhiteElo "2785"]
[BlackElo "2815"]

1.Nf3 d5 2.g3 g6 3.Bg2 Bg7 4.d4 Nf6 5.O-O O-O 6.c4 c6 7.b3 dxc4 8.bxc4 c5
9.Bb2 cxd4 10.Nxd4 Qb6 11.Qc1 Bd7 12.Nd2 Nc6 13.Nc2 Rac8 14.Rb1 Qa6 15.Bc3 b6
16.Ne3 Rfd8 17.Qb2 Be6 18.Nd5 Ne8 19.Bxg7 Nxg7 20.Rfc1 Nf5 21.Nb3 Nd6 22.Nd2
Nxc4 23.Nxc4 Bxd5 24.Bxd5 Rxd5 25.Ne3 Rdd8 26.Ng4 Nd4 27.Rxc8 Qxc8 28.Ne3 Nf5
29.Nxf5 Qxf5 30.Rc1 Rc8 31.Rd1 Qe6 32.h4 h5 33.Rd3 f6 34.Re3 Qd6 35.Rd3 Qc6
36.Qb3+ Kg7 37.Re3 Kf8 38.Qd3 Kf7 39.Qb3+ Qc4 40.Qxc4+ Rxc4 41.Ra3 a5 42.Rb3
Rb4 43.Rxb4 axb4 44.Kf1 g5 45.Ke1 Ke6 46.e3 Kf5 47.f3 gxh4 48.gxh4 e5 49.Ke2
e4 50.Kf2 Ke5 51.Ke2 Kd5 52.fxe4+ Kxe4 53.Kf2 Kd3 54.Kf3 Kc3 55.Kf4 Kb2 56.Kf5
Kxa2 {#R} 0-1

[Event "36th Zalakaros Open 2017"]
[Site "Zalakaros HUN"]
[Date "2017.05.24"]
[Round "7.23"]
[White "Stupak,K"]
[Black "Lazarne Vajda,Szidonia"]
[Result "1-0"]
[WhiteElo "2560"]
[BlackElo "2357"]

1.d4 d5 2.Nf3 Nf6 3.g3 g6 4.Bg2 Bg7 5.c4 c6 6.O-O O-O 7.b3 dxc4 8.bxc4 c5
9.Bb2 cxd4 10.Nxd4 Qb6 11.Qb3 Na6 12.Qa3 Nd7 13.e3 Ne5 14.Nd2 Qb4 15.Qxb4 Nxb4
16.Rab1 a5 17.a3 Nbc6 18.Nxc6 Nxc6 19.Bxg7 Kxg7 20.c5 Rd8 21.Nc4 Be6 22.Rfc1
Ra7 23.Nb6 Rd3 24.a4 Nb4 25.Bf1 Ra3 26.Rd1 Bb3 27.Ra1 Rxa1 28.Rxa1 e6 29.Bg2
Nd3 30.Nc8 Ra8 31.Bxb7 Rb8 32.c6 Nc5 33.Nd6 Nxb7 34.cxb7 Bd5 35.Rc1 Bxb7
36.Rb1 {#r} 1-0

[Event "36th Zalakaros Open 2017"]
[Site "Zalakaros HUN"]
[Date "2017.05.23"]
[Round "6.42"]
[White "Rapport,Jovana"]
[Black "Gazik,I"]
[Result "0-1"]
[WhiteElo "2334"]
[BlackElo "2292"]

1.d4 Nf6 2.c4 g6 3.Nc3 d5 4.e3 Bg7 5.Qb3 dxc4 6.Bxc4 O-O 7.Nf3 Nc6 8.Be2 b6
9.O-O Be6 10.Qa4 Bd7 11.Rd1 Qe8 12.Qa3 e5 13.Nb5 Rc8 14.d5 Na5 15.Qb4 e4
16.Ne1 c5 17.dxc6 Nxc6 18.Qa3 Qe5 19.Nd6 Rcd8 20.Nc4 Qg5 21.Bf1 Bg4 22.Rd2
Rfe8 23.Qb3 Bf8 24.a3 b5 25.h4 Qf5 26.f3 bxc4 27.Bxc4 Ne5 28.fxg4 Nexg4
29.Bxf7+ Kh8 30.Re2 Qe5 31.Kf1 Qh2 32.Rd2 Qg3 33.Rc2 Rd1 34.Qc3 Rc8 35.Ke2
Rxe1+ 36.Qxe1 Qxg2+ {#R} 0-1

[Event "26th Chicago Open 2017"]
[Site "Chicago USA"]
[Date "2017.05.25"]
[Round "1.37"]
[White "Freitag,Todd M"]
[Black "Perez,Rob"]
[Result "0-1"]
[WhiteElo "2100"]
[BlackElo "2365"]
[EventType "swiss"]

1.d4 Nf6 2.c4 g6 3.Nc3 d5 4.Bg5 Ne4 5.Bf4 Nxc3 6.bxc3 Bg7 7.e3 O-O 8.Nf3 c5
9.cxd5 Qxd5 10.Be2 cxd4 11.cxd4 Qa5+ 12.Qd2 Nc6 13.Qxa5 Nxa5 14.Bd3 Be6 15.Ke2
Rfc8 16.Rhc1 Rxc1 17.Rxc1 Bxa2 18.Rc2 Be6 19.Ng5 Bg4+ 20.f3 Bf5 21.Rc7 h6
22.Ne4 b6 23.Rxe7 a6 24.Bc7 Nc6 25.g4 Nxe7 26.gxf5 Nd5 27.Bd6 gxf5 28.Ng3 f4
29.exf4 Re8+ 30.Kd2 Bxd4 31.Nf5 Bc3+ 32.Kc2 Bg7 33.Be4 Nf6 34.Bc6 Re2+ 35.Kd3
Rxh2 36.Be5 Nh5 37.Bc7 b5 38.Bb7 Ra2 39.Ne7+ Kh8 40.Bd5 Ra3+ 41.Kd2 Bc3+
42.Ke2 Ng3+ 43.Kf2 Bf6 44.Nc6 Nf5 45.Bxf7 Rc3 46.Bd5 Rc2+ 47.Kg1 Ne7 48.Nxe7
Rxc7 49.Ng6+ Kg7 50.f5 Rc2 {#R} 0-1

[Event "26th Chicago Open 2017"]
[Site "Chicago USA"]
[Date "2017.05.25"]
[Round "1.16"]
[White "Brown,Michael William"]
[Black "Padhya,S"]
[Result "1-0"]
[WhiteElo "2489"]
[BlackElo "2219"]
[EventType "swiss"]

1.d4 Nf6 2.c4 g6 3.Nc3 d5 4.Bf4 Bg7 5.e3 c5 6.dxc5 Qa5 7.Rc1 Be6 8.Qb3 O-O
9.Qxb7 Ne4 10.Ne2 Na6 11.Qb5 Qxb5 12.cxb5 Naxc5 13.Nd4 Bd7 14.Nxe4 Nxe4 15.f3
e5 16.Bxe5 Bxe5 17.fxe4 dxe4 18.Bc4 Bxd4 19.exd4 Rac8 20.Kd2 Kg7 21.Ke3 f5
22.g3 Kf6 23.Rc3 Ke7 24.Rhc1 Kd6 25.a4 g5 26.Be2 f4+ 27.gxf4 gxf4+ 28.Kxe4
Rce8+ 29.Kf3 Bg4+ 30.Kxg4 Rxe2 31.R3c2 Re4 32.Kf3 Re3+ 33.Kf2 Rg8 34.Rc7 Rh3
35.Rxa7 f3 36.Rf7 Rg2+ 37.Ke3 f2+ 38.Rf3 Rhxh2 39.Rf1 Rg7 40.R1xf2 Re7+ 41.Kd3
Rh1 42.Rf6+ {#r} 1-0